01371cam a22002651 450000100100000000500170001000800410002704000250006808200180009310000760011124501820018726000390036930000190040850000410042750001090046850001180057750501910069565000610088665000300094765000170097770000310099470000280102570000250105370000270107800000426420200929151423.0941119s1946 ag 000 0 spa  aDO-SdBNPbspacBNPHU a809.03bB817g1 aBrandes, Georg Morris Cohen.q(Georg Morris Cohen Brandes),d1842-1927.14aLas grandes corrientes de la literatura en el siglo XIX /cGeorg Morris Cohen Brandes ; traducción V. Arobon Fernández, S. M. Neuschlosz, Ángela Romera y Marta E. Samatan. aBuenos Aires :bAmericalee,c1946. a6 v. ;c24 cm. aLa biblioteca posee el vol. Segundo. aThe Danish original was pub. 1872-1890 under title: Hovedstrmninger i det 19 de aarhundredes litteratur. a"Traduccion ... por V. Orobon Fernandez ... Dr. S. M. Neuschlosz ... las Dras. Angela Romera y Marta E. Samatan."0 av. 1. La literatura de emigrantes. La escuela romántica en Alemania. La Francia en Reaccion. El Naturalista en Inglaterra -- v. 2. La escuela romántica en Francia. La joven Alemania. 0aLiterature, moderny19th centuryxHistory and criticism. 0aNaturalism in literature. 0aRomanticism.1 aOrobon Fernandez, V.,etr.1 aNeuschlosz, s. m.,etr.1 aRomera, Angela,etr.1 aSamatan Marta E.,etr.